header

Principles and practice of child neurology in infancy (Record no. 46920)

MARC details
000 -LEADER
fixed length control field 01098nam a2200277Ia 4500
245 00 - TITLE STATEMENT
Title Principles and practice of child neurology in infancy
260 ## - PUBLICATION, DISTRIBUTION, ETC. (IMPRINT)
Place of publication London :
Name of publisher Mac Keith Press,
Year of publication 2012.
300 ## - PHYSICAL DESCRIPTION
Number of Pages xvi, 362 p. :
Other physical details ill.
650 #0 - SUBJECT ADDED ENTRY--TOPICAL TERM
Topical Term Pediatric neurology.
Topical Term Children
700 1# - ADDED ENTRY--PERSONAL NAME
Personal name Kennedy, Colin.
856 40 - ELECTRONIC LOCATION AND ACCESS
Uniform Resource Identifier http://site.ebrary.com/lib/rucke/Doc?id=10636374

No items available.

© 2026 Rongo University
Contact us: librarian | system librarian | Rongo university